| 000 | 00719nam a2200217 i 4500 | ||
|---|---|---|---|
| 001 | 161400 | ||
| 003 | ES-MaACL | ||
| 005 | 20250303062548.0 | ||
| 008 | 041019q19001910sp |||| | spa d | ||
| 100 | 1 |
_aPardo Bazán, Emilia, _cCondesa de, _d1851-1921 _9176434 |
|
| 245 | 1 | 0 |
_aMi romería / _cEmilia Parde Bazán. |
| 250 | _a4ª ed. | ||
| 260 |
_aMadrid : _bAdministración calle de San Bernardo, 37, _c[entre 1900-1910] ( _fR. Velasco, Imp.) |
||
| 300 |
_a206 p. ; _c17 cm. |
||
| 490 | 1 |
_aObras completas ; _v34 |
|
| 650 | 4 |
_aPeregrinaciones cristianas- _zRoma (Ciudad) _9141465 |
|
| 830 | 0 |
_aObras completas ; _v34 _9176447 |
|
| 852 |
_aES-MaACL _jB-6127 _z- Enc. hol. |
||
| 942 | _2udc | ||
| 999 |
_c161400 _d161400 |
||